00793nam 22002413 4500001000700000010001800007021001800025090001100043100004100054200007700095205000900172210003300181215003900214225001700253606010100270675001600371700002500387701002700412801001800439830001100457990001100468995007200479202153 a972-570-222-0 aPTb154502/00 a202153 a20260513d u||y0pory50 ba aPuzzles com figurasfKen Russell, Philip Cartergtradução Joana Rosa a1ª  aLisboacReplicaçãod2000 a188, [4] p.cil. ; brochadod21 cm aMensa - Q.I. 914416aDivertimentos públicos. Espetáculos. Cinema.Teatro. Dança. Jogos de mesa. Desportos a79vPTzpor 917299aRussellbKen  917300aCarterbPhilip  aPTbBMMNgRPC cVanda  cLIVROS 002052026-05-13931874bBMMNf31594k79 RUS|DEPo0rLIVROSsCompra